[Event "Portugal Open 2018"]
[Site "Lisboa POR"]
[Date "2018.02.09"]
[Round "9.49"]
[White "Dias, Ivo"]
[Black "Newton, Andrew"]
[Result "1-0"]
[WhiteElo "2158"]
[BlackElo "1899"]
[WhiteFideId "1901680"]
[BlackFideId "2403285"]
[WhiteTitle "CM"]
[WhiteCountry "POR"]
[BlackCountry "SCO"]
[PlyCount "43"]
[EventDate "2018.??.??"]

1. e4 c5 2. Nf3 d6 3. Nc3 Nf6 4. d4 cxd4 5. Nxd4 g6 6. Be3 Bg7 7. f3 O-O 8. Qd2
Nc6 9. O-O-O d5 10. Nxc6 bxc6 11. Bc4 Be6 12. exd5 Nxd5 13. Nxd5 cxd5 14. Bxd5
Rb8 15. Bb3 Qc8 16. Kb1 a5 17. Qxa5 Ra8 18. Qb5 Bxb3 19. cxb3 e5 20. Rd7 Re8 21.
Qd5 Re6 22. Rc1 1-0

[Event "Portugal Open 2018"]
[Site "Lisboa POR"]
[Date "2018.02.09"]
[Round "9.50"]
[White "Larsen, Sander"]
[Black "Ferreira, Hugo"]
[Result "0-1"]
[WhiteElo "1824"]
[BlackElo "2158"]
[WhiteFideId "227315"]
[BlackFideId "1915940"]
[WhiteCountry "BEL"]
[BlackCountry "POR"]
[PlyCount "66"]
[EventDate "2018.??.??"]

1. d4 Nf6 2. Nf3 e6 3. Bf4 d5 4. e3 Bd6 5. Bg3 O-O 6. Nbd2 b6 7. c3 c5 8. a4 Nc6
9. Ne5 Bb7 10. Bd3 Qc7 11. Nxc6 Bxc6 12. Bh4 Ne4 13. Bxe4 dxe4 14. Nc4 cxd4 15.
exd4 b5 16. Nxd6 Qxd6 17. Bg3 Qd5 18. axb5 Bxb5 19. Ra5 Qc6 20. Qb3 a6 21. c4
Bxc4 22. Qc2 Qb6 23. Bc7 Qxd4 24. Ra4 Bd3 25. Rxd4 Bxc2 26. O-O Rfc8 27. Ba5
Rab8 28. Bc3 Rd8 29. Rxd8+ Rxd8 30. g3 Bd1 31. Kg2 f6 32. Re1 Bf3+ 33. Kh3 Rd5
0-1

[Event "Portugal Open 2018"]
[Site "Lisboa POR"]
[Date "2018.02.09"]
[Round "9.51"]
[White "Kunz, André"]
[Black "Turta, Stelian"]
[Result "1-0"]
[WhiteElo "2153"]
[BlackElo "1922"]
[WhiteFideId "24623652"]
[BlackFideId "1924680"]
[WhiteCountry "GER"]
[BlackCountry "POR"]
[PlyCount "83"]
[EventDate "2018.??.??"]

1. e4 c6 2. d4 d5 3. Nd2 dxe4 4. Nxe4 Bf5 5. Ng3 Bg6 6. h4 h6 7. f4 e6 8. Nf3
Bd6 9. h5 Bh7 10. Bd3 Bxd3 11. Qxd3 Nd7 12. Ne4 Be7 13. Bd2 Ngf6 14. O-O-O Nxe4
15. Qxe4 Nf6 16. Qe2 Qd5 17. c4 Qe4 18. Rhe1 Qh7 19. Ne5 O-O 20. g4 Bd6 21. g5
Bxe5 22. fxe5 Nd7 23. g6 fxg6 24. hxg6 Qxg6 25. Rg1 Qf5 26. Bxh6 Rf7 27. Qg2 Qh7
28. Bd2 Qd3 29. Qh2 Qxc4+ 30. Kb1 Qd3+ 31. Ka1 Kf8 32. Qh8+ Ke7 33. Bg5+ Nf6 34.
exf6+ gxf6 35. Qxa8 fxg5 36. Qxb7+ Kf8 37. Qc8+ Kg7 38. Rxg5+ Kf6 39. Qd8+ Re7
40. Rgg1 e5 41. dxe5+ Ke6 42. Qxd3 1-0

[Event "Portugal Open 2018"]
[Site "Lisboa POR"]
[Date "2018.02.09"]
[Round "9.53"]
[White "Rego, Pedro"]
[Black "Morais, Vítor"]
[Result "0-1"]
[WhiteElo "2292"]
[BlackElo "1977"]
[WhiteFideId "1904310"]
[BlackFideId "1900552"]
[WhiteTitle "CM"]
[BlackTitle "NM"]
[WhiteCountry "POR"]
[BlackCountry "POR"]
[PlyCount "92"]
[EventDate "2018.??.??"]

1. d4 d5 2. Bf4 Nc6 3. e3 a6 4. c4 Nf6 5. Nc3 e6 6. Nf3 Bb4 7. Bd3 dxc4 8. Bxc4
Nd5 9. Bxd5 exd5 10. Qc2 O-O 11. a3 Bxc3+ 12. Qxc3 Bf5 13. Rc1 Rc8 14. O-O h6
15. b4 Bg4 16. Nd2 Re8 17. a4 Qe7 18. b5 axb5 19. axb5 Nb8 20. Rfe1 Bd7 21. Rb1
c6 22. b6 Bf5 23. Ra1 Na6 24. Nb3 c5 25. dxc5 Nxc5 26. Nxc5 Rxc5 27. Qd2 Bd7 28.
Rec1 Bc6 29. Qd4 Rb5 30. Bc7 Qd7 31. f3 Rb3 32. Re1 f5 33. Be5 Qe7 34. f4 Rb4
35. Qd2 Rxb6 36. Rec1 Rb3 37. Qf2 Kh7 38. h4 Qf7 39. Ra7 Re6 40. Ra8 Qh5 41. Rf8
d4 42. Rxc6 Rxc6 43. Bxd4 Rc1+ 44. Kh2 Rbb1 45. e4 Rh1+ 46. Kg3 Qg4# 0-1

[Event "Portugal Open 2018"]
[Site "Lisboa POR"]
[Date "2018.02.09"]
[Round "9.54"]
[White "Fernandes, Tiago Saraiva"]
[Black "Ölçüm, Ahmet"]
[Result "0-1"]
[WhiteElo "1969"]
[BlackElo "2267"]
[WhiteFideId "1920928"]
[BlackFideId "6311393"]
[BlackTitle "CM"]
[WhiteCountry "POR"]
[BlackCountry "TUR"]
[PlyCount "114"]
[EventDate "2018.??.??"]

1. e4 g6 2. Nc3 Bg7 3. f4 d6 4. Bc4 e6 5. Nf3 Ne7 6. Bb3 O-O 7. O-O c5 8. d3
Nbc6 9. Qe1 d5 10. Qh4 f5 11. e5 a6 12. a3 b5 13. Ne2 h6 14. c3 Nb8 15. Kh1 Bb7
16. Be3 Nd7 17. Bd1 a5 18. Rc1 Nc6 19. Qf2 Qe7 20. Nh4 Kh7 21. Qg3 Qf7 22. Bb3
Rg8 23. c4 bxc4 24. dxc4 d4 25. Bd2 a4 26. Ba2 Na5 27. b4 axb3 28. Bxb3 Nxb3 29.
Qxb3 Be4 30. Qh3 Rgb8 31. Nf3 Kg8 32. Be1 Rxa3 33. Neg1 Bf8 34. Qh4 Qg7 35. Nd2
Be7 36. Qf2 Bc6 37. Rb1 Rba8 38. Nb3 g5 39. Ne2 g4 40. Ng3 Qg6 41. Rb2 h5 42.
Ne2 h4 43. Kg1 Qe8 44. Nec1 Be4 45. Bd2 Kh7 46. Re1 Qc8 47. Rxe4 fxe4 48. Qe2 e3
49. Be1 Qg8 50. h3 g3 51. Qh5+ Kg7 52. Nd3 Qh7 53. Qe2 Rb8 54. Ndc1 Qf5 55. Qf3
Ra1 56. Qe2 Rb1 57. Kf1 Qxf4+ 0-1

[Event "Portugal Open 2018"]
[Site "Lisboa POR"]
[Date "2018.02.09"]
[Round "9.55"]
[White "Yuksel, Atilla Koksal"]
[Black "Gratze, Michael"]
[Result "1-0"]
[WhiteElo "2248"]
[BlackElo "1968"]
[WhiteFideId "6306667"]
[BlackFideId "1613871"]
[BlackCountry "AUT"]
[PlyCount "103"]
[EventDate "2018.??.??"]

1. e4 e6 2. d4 d5 3. Nc3 Bb4 4. e5 Ne7 5. Bd2 c5 6. Nb5 Bxd2+ 7. Qxd2 Nbc6 8. f4
O-O 9. dxc5 f6 10. exf6 Rxf6 11. Nf3 b6 12. cxb6 Qxb6 13. O-O-O Rb8 14. b3 a6
15. Nbd4 Qc5 16. Kb2 Na5 17. Ka1 Ng6 18. g3 Qa3 19. Qc3 Rf7 20. Bh3 Rfb7 21.
Bxe6+ Bxe6 22. Nxe6 Nf8 23. Qc5 Rxb3 24. Qxa3 Rxa3 25. Ned4 Rb4 26. Rd3 Raa4 27.
Nb3 Nc4 28. Nfd2 Ne6 29. Re1 Nc7 30. Re7 Nxd2 31. Rxc7 Rc4 32. Rxc4 Nxc4 33.
Rxd5 Ne3 34. Rd2 Re4 35. Re2 Kf7 36. Nc5 Rc4 37. Rxe3 Rxc5 38. Kb2 h5 39. Re5
Rxe5 40. fxe5 Ke6 41. c4 Kxe5 42. Kc3 a5 43. Kd3 g5 44. h3 h4 45. gxh4 gxh4 46.
Kc3 a4 47. a3 Kd6 48. Kd4 Kc6 49. c5 Kc7 50. Kc4 Kc6 51. Kb4 Kd5 52. Kb5 1-0

[Event "Portugal Open 2018"]
[Site "Lisboa POR"]
[Date "2018.02.09"]
[Round "9.56"]
[White "Godzwon, Iwo"]
[Black "Pelaez Murias, Eduardo"]
[Result "1/2-1/2"]
[WhiteElo "2240"]
[BlackElo "1961"]
[WhiteFideId "21802483"]
[BlackFideId "22279709"]
[WhiteCountry "POL"]
[BlackCountry "ESP"]
[PlyCount "99"]
[EventDate "2018.??.??"]

1. e4 e5 2. Nf3 Nc6 3. Bb5 a6 4. Ba4 Nf6 5. O-O b5 6. Bb3 Be7 7. Re1 O-O 8. c3
d6 9. d4 Bg4 10. Be3 exd4 11. cxd4 Na5 12. Bc2 c5 13. d5 Nc4 14. Bc1 Ne5 15.
Nbd2 Nfd7 16. h3 Bh5 17. g4 Nxf3+ 18. Nxf3 Bg6 19. Bf4 h5 20. Bg3 Re8 21. Rb1
Rc8 22. Nh2 hxg4 23. hxg4 Bh4 24. Nf1 Qf6 25. Kg2 Bxg3 26. Nxg3 Qf4 27. f3 Ne5
28. Qe2 f6 29. Qf2 Kf7 30. Qe3 Qxe3 31. Rxe3 Rh8 32. Re2 Rh7 33. Rh1 Rxh1 34.
Nxh1 Ke7 35. Nf2 Bf7 36. f4 Nd7 37. Nd3 g5 38. fxg5 fxg5 39. Kg3 Rh8 40. Nf2 Ne5
41. Nh3 Rh4 42. Nf2 Be8 43. Bd1 Bd7 44. Rd2 c4 45. Be2 Kf7 46. Rc2 Rh8 47. Nh3
Rh4 48. Nf2 Ng6 49. Nh3 Ne5 50. Nf2 1/2-1/2

[Event "Portugal Open 2018"]
[Site "Lisboa POR"]
[Date "2018.02.09"]
[Round "9.57"]
[White "Horta, António"]
[Black "Weinzettl, Ernst"]
[Result "0-1"]
[WhiteElo "1906"]
[BlackElo "2238"]
[WhiteFideId "1916971"]
[BlackFideId "1600575"]
[BlackTitle "IM"]
[WhiteCountry "POR"]
[BlackCountry "AUT"]
[PlyCount "80"]
[EventDate "2018.??.??"]

1. d4 Nf6 2. Nf3 g6 3. g3 Bg7 4. Bg2 O-O 5. O-O d6 6. c4 Nc6 7. Nc3 Bg4 8. h3
Bxf3 9. Bxf3 Nd7 10. e3 e5 11. d5 Ne7 12. Bg2 f5 13. f4 Kh8 14. Ne2 Ng8 15. Bd2
Qe7 16. Bc3 Rae8 17. Qd2 Nc5 18. b4 Na4 19. Rae1 Nxc3 20. Nxc3 Nf6 21. Kh2 Qd7
22. c5 e4 23. Rc1 Rd8 24. Rfd1 Ne8 25. Bf1 dxc5 26. bxc5 c6 27. d6 b6 28. cxb6
axb6 29. Na4 Nxd6 30. Nxb6 Qa7 31. Rxc6 Nb7 32. Nd5 Rf7 33. Bc4 Na5 34. Ra6 Nxc4
35. Rxa7 Nxd2 36. Rxf7 Rxd5 37. Rc1 Nf3+ 38. Kh1 Kg8 39. Rcc7 Rd2 40. Rxg7+ Kf8
0-1

[Event "Portugal Open 2018"]
[Site "Lisboa POR"]
[Date "2018.02.09"]
[Round "9.58"]
[White "Van Zyl-Rudd, Jack"]
[Black "Vanden Bussche, Steven"]
[Result "1-0"]
[WhiteElo "2197"]
[BlackElo "1940"]
[WhiteFideId "14309017"]
[BlackFideId "228699"]
[WhiteTitle "FM"]
[WhiteCountry "RSA"]
[BlackCountry "BEL"]
[PlyCount "59"]
[EventDate "2018.??.??"]

1. d4 d5 2. c4 c6 3. cxd5 cxd5 4. Bg5 Nc6 5. Nc3 Nf6 6. Bxf6 gxf6 7. e3 Bg7 8.
Bd3 f5 9. Nh3 e6 10. Nf4 Bh6 11. Qf3 a6 12. O-O-O Qd6 13. Nfe2 b5 14. g4 fxg4
15. Qxg4 Qc7 16. Kb1 Bf8 17. e4 Nb4 18. exd5 Nxd5 19. Nxd5 exd5 20. Bf5 Qc6 21.
Nf4 Bh6 22. Rc1 Qf6 23. Bxc8 Bxf4 24. Qd7+ Kf8 25. Rce1 Kg7 26. Rhg1+ Bg5 27. h4
Rhxc8 28. Rxg5+ Kh8 29. Rf5 Qc6 30. Re8+ 1-0

[Event "Portugal Open 2018"]
[Site "Lisboa POR"]
[Date "2018.02.09"]
[Round "9.59"]
[White "Santos, José Alves"]
[Black "Candeias, Humberto"]
[Result "1-0"]
[WhiteElo "2150"]
[BlackElo "1935"]
[WhiteFideId "1900366"]
[BlackFideId "1903454"]
[WhiteTitle "NM"]
[WhiteCountry "POR"]
[BlackCountry "POR"]
[PlyCount "85"]
[EventDate "2018.??.??"]

1. e4 e5 2. Nf3 Nc6 3. Nc3 f5 4. exf5 Nf6 5. d4 e4 6. Ne5 Bb4 7. Bd2 Qe7 8. Nb5
Bxd2+ 9. Qxd2 d6 10. Nc4 a6 11. Nc3 Bxf5 12. Ne3 Bg6 13. Bc4 d5 14. Ncxd5 Qd6
15. O-O O-O-O 16. Bb3 Kb8 17. c3 Rhf8 18. Nxf6 Rxf6 19. Qe2 Rf4 20. Ba4 Rh4 21.
g3 Bh5 22. Qe1 Bf3 23. Nf5 Rxh2 24. Kxh2 Qg6 25. Nh4 Qh5 26. Bd1 g5 27. Bxf3
exf3 28. Qe4 Rf8 29. Rfe1 Ka7 30. Kg1 Rf4 31. Qe8 Qh6 32. Re6 Rf6 33. Rxf6 Qxf6
34. Nxf3 Qxf3 35. Qe3 Qd5 36. b3 b5 37. c4 Qxd4 38. Qxd4+ Nxd4 39. cxb5 axb5 40.
Kg2 c5 41. Rh1 c4 42. bxc4 bxc4 43. Rc1 1-0

[Event "Portugal Open 2018"]
[Site "Lisboa POR"]
[Date "2018.02.09"]
[Round "9.60"]
[White "Costa, João Guerra"]
[Black "Fernandes, Ricardo Paulos"]
[Result "1-0"]
[WhiteElo "2130"]
[BlackElo "1920"]
[WhiteFideId "1901737"]
[BlackFideId "1943464"]
[WhiteCountry "POR"]
[BlackCountry "POR"]
[PlyCount "49"]
[EventDate "2018.??.??"]

1. e4 c5 2. Nf3 Nc6 3. d4 cxd4 4. Nxd4 g6 5. Nc3 Bg7 6. Nb3 Nf6 7. Be2 d6 8. O-O
O-O 9. Re1 Be6 10. h3 a6 11. Bf1 Rc8 12. Nd5 b5 13. c3 Ne5 14. a4 Nc4 15. Nb4 a5
16. Nd5 Bxd5 17. exd5 b4 18. cxb4 axb4 19. a5 Nd7 20. Ra2 Re8 21. Re4 Nde5 22.
f4 f5 23. Re2 Nd7 24. Rc2 Ndb6 25. Kh1 1-0

[Event "Portugal Open 2018"]
[Site "Lisboa POR"]
[Date "2018.02.09"]
[Round "9.61"]
[White "Guerra, Vítor"]
[Black "Stokes, Paul"]
[Result "1-0"]
[WhiteElo "2113"]
[BlackElo "1916"]
[WhiteFideId "1901095"]
[BlackFideId "419010"]
[WhiteTitle "NM"]
[WhiteCountry "POR"]
[BlackCountry "ENG"]
[PlyCount "53"]
[EventDate "2018.??.??"]

1. d4 Nf6 2. c4 e6 3. Nf3 Bb4+ 4. Nbd2 b6 5. a3 Bxd2+ 6. Qxd2 Bb7 7. g3 d6 8.
Bg2 Nbd7 9. O-O O-O 10. b4 Be4 11. Bb2 Qe7 12. a4 a5 13. b5 Rfd8 14. Qe3 Rac8
15. Rac1 c6 16. Ba3 c5 17. dxc5 dxc5 18. Bb2 Ba8 19. Rfd1 Nf8 20. h3 Ng6 21. h4
Rxd1+ 22. Rxd1 Rd8 23. Rd3 h6 24. Qd2 Rxd3 25. exd3 Bb7 26. Qc3 Bxf3 27. Bxf3
1-0

[Event "Portugal Open 2018"]
[Site "Lisboa POR"]
[Date "2018.02.09"]
[Round "9.62"]
[White "Silva, Mariana"]
[Black "Leão, Tiago"]
[Result "1/2-1/2"]
[WhiteElo "1901"]
[BlackElo "2099"]
[WhiteFideId "1911899"]
[BlackFideId "1925563"]
[WhiteTitle "WCM"]
[WhiteCountry "POR"]
[BlackCountry "POR"]
[PlyCount "76"]
[EventDate "2018.??.??"]

1. e4 c5 2. Nf3 d6 3. d4 cxd4 4. Nxd4 Nf6 5. Nc3 g6 6. Be2 Bg7 7. O-O O-O 8. Bg5
a6 9. a4 b6 10. Re1 Bb7 11. Bf1 Nbd7 12. Nd5 e5 13. Nb3 Bxd5 14. exd5 Qc7 15. c4
Nc5 16. Nd2 Nfd7 17. b4 Nb7 18. Nb3 f5 19. f4 e4 20. Nd4 Bxd4+ 21. Qxd4 a5 22.
bxa5 Rxa5 23. Kh1 Ndc5 24. Bh6 Rfa8 25. Re3 Rxa4 26. Rxa4 Rxa4 27. h4 Qf7 28. h5
Nd7 29. Be2 Qf6 30. Qd2 Qa1+ 31. Kh2 Ra2 32. Qb4 Qb2 33. Qe1 Ra1 34. Qh4 Qc1 35.
Qe7 Qg1+ 36. Kg3 Qxe3+ 37. Bf3 Qe1+ 38. Kh2 Qg1+ 1/2-1/2

[Event "Portugal Open 2018"]
[Site "Lisboa POR"]
[Date "2018.02.09"]
[Round "9.64"]
[White "Guerreiro, Nuno"]
[Black "Vandamme, Florian"]
[Result "1-0"]
[WhiteElo "2079"]
[BlackElo "1898"]
[WhiteFideId "1903012"]
[BlackFideId "228672"]
[WhiteCountry "POR"]
[BlackCountry "BEL"]
[PlyCount "149"]
[EventDate "2018.??.??"]

1. Nf3 Nf6 2. g3 g6 3. Bg2 Bg7 4. O-O O-O 5. c4 d6 6. d4 Nbd7 7. Nc3 e5 8. Bg5
h6 9. Bxf6 Qxf6 10. dxe5 dxe5 11. Qc2 c6 12. Rad1 Qe7 13. Rd2 a5 14. Rfd1 Nc5
15. Rd6 Ne6 16. Qa4 Nd4 17. Qa3 Bg4 18. h3 Bxf3 19. Bxf3 Kh7 20. Bg4 f5 21. Bh5
Bf6 22. Bf3 Qc7 23. Bg2 Be7 24. c5 Bxd6 25. cxd6 Qd7 26. Qc5 Rfe8 27. e3 Nb5 28.
Nxb5 cxb5 29. Bf1 Qc6 30. Qxb5 Qxb5 31. Bxb5 Re6 32. d7 Rd8 33. Rc1 Rd6 34. Rc7
b6 35. a4 Kg7 36. Rc8 R8xd7 37. Bxd7 Rxd7 38. Rc6 Rb7 39. b3 e4 40. h4 b5 41.
Rc5 bxa4 42. bxa4 Ra7 43. h5 Ra6 44. hxg6 Kxg6 45. Kf1 Kg5 46. Ke2 Kg4 47. Kf1
h5 48. Kg2 Ra7 49. Rc8 Kg5 50. Kh3 Rd7 51. Rc5 Ra7 52. Kg2 Kg4 53. Rc8 Kg5 54.
Rg8+ Kf6 55. Rc8 Rb7 56. Ra8 Rb2 57. Rxa5 Ra2 58. Ra7 Kg6 59. a5 Kg5 60. a6 h4
61. gxh4+ Kg4 62. Ra8 f4 63. exf4 e3 64. a7 Rxf2+ 65. Kg1 Kf3 66. Rg8 Ke2 67.
a8=Q Rf1+ 68. Kg2 Rf2+ 69. Kg3 Kf1 70. Qa1+ Ke2 71. Re8 Rf3+ 72. Kg4 Kf2 73.
Rxe3 Kxe3 74. Qa7+ Ke2 75. f5 1-0

[Event "Portugal Open 2018"]
[Site "Lisboa POR"]
[Date "2018.02.09"]
[Round "9.65"]
[White "Santos, Júlio"]
[Black "Pintor, Simão"]
[Result "1-0"]
[WhiteElo "1870"]
[BlackElo "2060"]
[WhiteFideId "1900650"]
[BlackFideId "1904787"]
[WhiteTitle "NM"]
[WhiteCountry "POR"]
[BlackCountry "POR"]
[PlyCount "141"]
[EventDate "2018.??.??"]

1. e4 c5 2. Nf3 Nc6 3. d4 cxd4 4. Nxd4 g6 5. c4 Bg7 6. Be3 Nf6 7. Nc3 O-O 8. Be2
d6 9. O-O Nxd4 10. Bxd4 Bd7 11. Qd2 Bc6 12. Bd3 a5 13. Nd5 Nd7 14. Bxg7 Kxg7 15.
Qc3+ Kg8 16. f4 e6 17. Ne3 Qb6 18. Bc2 Nc5 19. Kh1 Nxe4 20. Bxe4 Bxe4 21. Ng4 f6
22. Nxf6+ Rxf6 23. Qxf6 Re8 24. Rac1 Qc6 25. Rf2 b5 26. b3 a4 27. h3 axb3 28.
axb3 Qc5 29. Rd2 Qe3 30. Rcd1 Qxh3+ 31. Kg1 Qe3+ 32. Kh2 d5 33. cxb5 Qxb3 34.
Ra1 Qb4 35. Ra7 Qf8 36. Qe5 Bf5 37. Rda2 Rc8 38. b6 Qh6+ 39. Kg3 g5 40. Rc7 Qh4+
41. Kf3 Bg4+ 42. Ke3 Qe1+ 43. Kd3 Qd1+ 44. Kc3 Qc1+ 45. Kb4 Rxc7 46. bxc7 Qc4+
47. Ka5 Qxa2+ 48. Kb6 Qb3+ 49. Kc6 Qa4+ 50. Kd6 Qb4+ 51. Kd7 Qb5+ 52. Ke7 Qc5+
53. Kd7 Qb5+ 54. Kd8 Qb6 55. Qxg5+ Kf7 56. Qe7+ Kg6 57. Qg5+ Kf7 58. Qe7+ Kg6
59. Ke8 Qc6+ 60. Kf8 Kf5 61. Qd8 Kxf4 62. c8=Q Qxc8 63. Qxc8 e5 64. Qb7 d4 65.
Qxh7 Be2 66. Qh4+ Ke3 67. Qg5+ Ke4 68. Ke7 d3 69. Kf6 Kd4 70. Qxe5+ Kc4 71. Qb2
1-0

[Event "Portugal Open 2018"]
[Site "Lisboa POR"]
[Date "2018.02.09"]
[Round "9.66"]
[White "Pereira, Fernando Melão"]
[Black "Roxo, Agostinho"]
[Result "1/2-1/2"]
[WhiteElo "2043"]
[BlackElo "1862"]
[WhiteFideId "1900153"]
[BlackFideId "1902890"]
[WhiteTitle "NM"]
[WhiteCountry "POR"]
[BlackCountry "POR"]
[PlyCount "84"]
[EventDate "2018.??.??"]

1. d4 d5 2. c4 c6 3. Nf3 e6 4. g3 Bd6 5. Bg2 Nd7 6. O-O f5 7. Nc3 Ngf6 8. Bf4
Bxf4 9. gxf4 O-O 10. e3 b6 11. Ne5 Bb7 12. Rc1 Rc8 13. Qb3 Ne4 14. Nxe4 fxe4 15.
cxd5 cxd5 16. f3 Nxe5 17. dxe5 exf3 18. Bxf3 Qd7 19. Rxc8 Rxc8 20. Re1 Qf7 21.
Qd3 g6 22. Bg4 Rd8 23. Rf1 Rc8 24. Qa3 Rc2 25. Qb3 Rc5 26. Bh3 Kg7 27. Rd1 Qe7
28. Bg2 Qf7 29. Qd3 Qf5 30. Qxf5 gxf5 31. Rd2 Rc1+ 32. Kf2 Ba6 33. Bh3 Kg6 34.
Bg2 Kh5 35. Bf3+ Kh4 36. Bd1 Kh3 37. Ke1 h5 38. b4 Bc8 39. Rc2 Rxc2 40. Bxc2
Kxh2 41. Kf2 Bd7 42. Bd1 Be8 1/2-1/2

[Event "Portugal Open 2018"]
[Site "Lisboa POR"]
[Date "2018.02.09"]
[Round "9.68"]
[White "Mendes, Modeste"]
[Black "Van Ginkel, Henk"]
[Result "1-0"]
[WhiteElo "2039"]
[BlackElo "1849"]
[WhiteFideId "1925920"]
[BlackFideId "1036394"]
[WhiteCountry "POR"]
[BlackCountry "NED"]
[PlyCount "81"]
[EventDate "2018.??.??"]

1. Nf3 d6 2. d4 Nf6 3. Nbd2 g6 4. e4 Bg7 5. Bc4 O-O 6. Qe2 Nc6 7. O-O e5 8. c3
Bg4 9. h3 Bd7 10. Re1 Nh5 11. dxe5 Nxe5 12. Nxe5 dxe5 13. Nf3 h6 14. Be3 Qe7 15.
Rad1 Rad8 16. Bd5 c6 17. Bb3 b6 18. Kh2 Be6 19. Rxd8 Rxd8 20. Rd1 Bxb3 21. axb3
Rxd1 22. Qxd1 Nf4 23. Qd2 g5 24. Bxf4 gxf4 25. Qd3 Bf6 26. b4 Kg7 27. b3 Qe6 28.
Nd2 Be7 29. Nc4 Kg6 30. g4 Kg7 31. Qd1 Kf6 32. Kg2 Kg7 33. Qd3 Kg6 34. Kf1 Kg7
35. Ke2 Kg6 36. Qd7 Bf6 37. Qxa7 Bd8 38. Qd7 b5 39. Qxe6+ fxe6 40. Nxe5+ Kg5 41.
Nf7+ 1-0

[Event "Portugal Open 2018"]
[Site "Lisboa POR"]
[Date "2018.02.09"]
[Round "9.69"]
[White "Kersten, Julian"]
[Black "Gonçalves, Gabriel"]
[Result "1/2-1/2"]
[WhiteElo "2032"]
[BlackElo "1766"]
[WhiteFideId "1628542"]
[BlackFideId "1945610"]
[WhiteCountry "AUT"]
[BlackCountry "POR"]
[PlyCount "88"]
[EventDate "2018.??.??"]

1. e4 e5 2. Nc3 Nc6 3. f4 d6 4. Nf3 exf4 5. d4 Bg4 6. Be2 Bxf3 7. Bxf3 Qh4+ 8.
Kf1 O-O-O 9. Ne2 Qf6 10. h4 g6 11. Bxf4 Bh6 12. Bxh6 Nxh6 13. Ke1 Rhe8 14. Qd2
Qg7 15. Kd1 f5 16. exf5 Nxf5 17. c3 Ne3+ 18. Kc1 Re7 19. b3 Rde8 20. Nf4 g5 21.
hxg5 Qxg5 22. Nd5 Re6 23. Nxe3 Rxe3 24. Kc2 Qg6+ 25. Kb2 R8e7 26. Rae1 Rxe1 27.
Rxe1 Rxe1 28. Qxe1 h6 29. Qe2 Qf7 30. Qb5 a6 31. Qe2 Ne7 32. Qe4 c6 33. Qh4 Qg7
34. Qf4 Qg5 35. Qxd6 Nf5 36. Qe6+ Kc7 37. Qe2 Kb6 38. Qf2 Ne3 39. c4 Qf4 40. d5
Qd4+ 41. Kb1 Qd3+ 42. Ka1 Qc3+ 43. Qb2 Qe1+ 44. Qb1 Qc3+ 1/2-1/2

[Event "Portugal Open 2018"]
[Site "Lisboa POR"]
[Date "2018.02.09"]
[Round "9.70"]
[White "Lavrador, Rodolfo"]
[Black "Cabello Aguilar, Enrique"]
[Result "0-1"]
[WhiteElo "1859"]
[BlackElo "2015"]
[WhiteFideId "1908367"]
[BlackFideId "2231115"]
[WhiteTitle "NM"]
[WhiteCountry "POR"]
[BlackCountry "ESP"]
[PlyCount "32"]
[EventDate "2018.??.??"]

1. e4 c5 2. Nf3 g6 3. Nc3 Bg7 4. d4 cxd4 5. Nxd4 Nc6 6. Be3 Nf6 7. Nxc6 bxc6 8.
Be2 d6 9. O-O O-O 10. Qd2 Qa5 11. Rab1 Rd8 12. Rfd1 Rb8 13. b3 Ng4 14. Na4 Qc7
15. Bd4 d5 16. Bxg7 Qxh2+ 0-1

[Event "Portugal Open 2018"]
[Site "Lisboa POR"]
[Date "2018.02.09"]
[Round "9.71"]
[White "Dumont, Vincent"]
[Black "Zemlicka, Vit"]
[Result "0-1"]
[WhiteElo "1849"]
[BlackElo "2015"]
[WhiteFideId "206199"]
[BlackFideId "303143"]
[WhiteCountry "BEL"]
[BlackCountry "CZE"]
[PlyCount "80"]
[EventDate "2018.??.??"]

1. Nf3 Nf6 2. b3 g6 3. Bb2 Bg7 4. e3 O-O 5. g3 c5 6. Bg2 Nc6 7. O-O d6 8. a3 Bd7
9. h3 e5 10. d3 Rb8 11. c4 Ne8 12. d4 e4 13. Ne1 f5 14. Ra2 cxd4 15. exd4 d5 16.
Nc2 Nf6 17. Nc3 Be6 18. c5 b6 19. Nb4 Na5 20. Na6 Rc8 21. Bc1 bxc5 22. Nxc5 Rxc5
23. dxc5 d4 24. Ne2 Bxb3 25. Qd2 Nc4 26. Qb4 Bxa2 27. Bf4 Nd5 28. Qb7 Rf7 29.
Qa6 d3 30. Nc1 Nxf4 31. Nxa2 Ne2+ 32. Kh2 Ne5 33. c6 Rc7 34. Nb4 Bf8 35. f4 Bxb4
36. fxe5 Bc3 37. Rb1 Bxe5 38. Qc4+ Kg7 39. Rb7 Bxg3+ 40. Kh1 d2 0-1

[Event "Portugal Open 2018"]
[Site "Lisboa POR"]
[Date "2018.02.09"]
[Round "9.72"]
[White "Almeida, José António"]
[Black "Cavaleiro, Daniel"]
[Result "1/2-1/2"]
[WhiteElo "1469"]
[BlackElo "2010"]
[WhiteFideId "1958143"]
[BlackFideId "1904663"]
[WhiteCountry "POR"]
[BlackCountry "POR"]
[PlyCount "115"]
[EventDate "2018.??.??"]

1. c4 Nf6 2. Nf3 b6 3. g3 Bb7 4. Bg2 e6 5. O-O Be7 6. Nc3 O-O 7. d4 d5 8. Ne5 c6
9. Bg5 Ne8 10. Bxe7 Qxe7 11. cxd5 exd5 12. e3 Nd7 13. Nxd7 Qxd7 14. Qd2 Nd6 15.
b3 Rfe8 16. Rad1 Rad8 17. Rfe1 Qf5 18. Qd3 Qh5 19. Qe2 Qxe2 20. Rxe2 g6 21. h3
Kg7 22. Rde1 Ba6 23. Rd2 Re7 24. Bf1 Bc8 25. Kg2 f6 26. Bd3 Nf7 27. Be2 Rde8 28.
Rc1 h5 29. Bf3 Ng5 30. g4 Rh8 31. Be2 Bd7 32. Rh1 hxg4 33. hxg4 Rhe8 34. Kg3 Nf7
35. Bd3 Nh6 36. Be2 Rh8 37. Nd1 Nf7 38. Rxh8 Kxh8 39. Bd3 Kg7 40. Re2 Bc8 41.
Nc3 Nd6 42. f3 Bb7 43. Kf2 Kf7 44. b4 Ne8 45. Re1 Nc7 46. Rh1 Kg7 47. Re1 Ne6
48. Rc1 Re8 49. Rh1 Rc8 50. Na4 Rc7 51. Rc1 Rc8 52. Rh1 Rf8 53. a3 Rc8 54. Rc1
Rh8 55. Kg2 Rc8 56. Kf2 Rc7 57. Rc2 Kh6 58. Kg3 1/2-1/2

[Event "Portugal Open 2018"]
[Site "Lisboa POR"]
[Date "2018.02.09"]
[Round "9.73"]
[White "Oliveira, Marco"]
[Black "Machado, Tomás"]
[Result "1-0"]
[WhiteElo "2008"]
[BlackElo "1852"]
[WhiteFideId "1901583"]
[BlackFideId "1946838"]
[WhiteCountry "POR"]
[BlackCountry "POR"]
[PlyCount "51"]
[EventDate "2018.??.??"]

1. Nf3 Nf6 2. d4 d5 3. c4 e6 4. Nc3 Be7 5. Bf4 a6 6. e3 O-O 7. Bd3 c5 8. O-O Nc6
9. Rc1 Kh8 10. Ne5 cxd4 11. Nxc6 bxc6 12. exd4 c5 13. dxc5 Bxc5 14. cxd5 exd5
15. Bg5 Be6 16. Qf3 Be7 17. Rfe1 Rb8 18. b3 a5 19. Nb5 Rc8 20. Nd4 Rxc1 21. Rxc1
Ng8 22. Nxe6 fxe6 23. Qh5 Rf5 24. Bxf5 exf5 25. Bxe7 Nxe7 26. Qf7 1-0

[Event "Portugal Open 2018"]
[Site "Lisboa POR"]
[Date "2018.02.09"]
[Round "9.74"]
[White "Gonçalves, Samuel"]
[Black "Eberlein, Johann"]
[Result "1-0"]
[WhiteElo "1469"]
[BlackElo "1978"]
[WhiteFideId "1945130"]
[BlackFideId "24623121"]
[WhiteCountry "POR"]
[BlackCountry "GER"]
[PlyCount "163"]
[EventDate "2018.??.??"]

1. e4 g6 2. d4 c6 3. c4 d5 4. e5 Bg7 5. Nc3 Nh6 6. cxd5 O-O 7. Bd3 cxd5 8. Nf3
Nc6 9. Bxh6 Bxh6 10. O-O Bg4 11. h3 Bxf3 12. Qxf3 e6 13. Ne2 Rc8 14. Rfb1 Qb6
15. Qg4 Nb4 16. Qg3 Rc7 17. a3 Nc2 18. Bxc2 Rxc2 19. Nc3 Rxb2 20. Qd3 Rc8 21.
Na4 Rxb1+ 22. Rxb1 Qxb1+ 23. Qxb1 Rc1+ 24. Qxc1 Bxc1 25. Nc5 b6 26. Nd3 Bxa3 27.
Kf1 Kf8 28. Ke2 Ke7 29. Kd2 Kd7 30. Kc3 Kc6 31. Kb3 Be7 32. Ka4 a6 33. f4 Bh4
34. g4 h6 35. Kb4 Bg3 36. Ka4 Bh2 37. Kb4 Bg1 38. Kc3 Be3 39. h4 h5 40. gxh5
gxh5 41. f5 exf5 42. Nb4+ Kb7 43. Nxd5 Bf2 44. Nf4 Bxh4 45. Nxh5 b5 46. Ng7 f4
47. Nf5 Be1+ 48. Kd3 f3 49. d5 f2 50. Ke2 b4 51. Nd4 a5 52. e6 fxe6 53. dxe6 Kc7
54. Nb3 a4 55. Nc5 a3 56. e7 a2 57. e8=Q a1=Q 58. Qd7+ Kb6 59. Na4+ Qxa4 60.
Qxa4 Kc5 61. Qb3 Kd4 62. Qd3+ Kc5 63. Ke3 b3 64. Ke2 Kb4 65. Kd1 Ka3 66. Kc1 Ba5
67. Kb1 Be1 68. Qe3 Kb4 69. Kb2 Kc4 70. Qxb3+ Kd4 71. Qf3 Ke5 72. Kc2 Kd4 73.
Kd1 Ke5 74. Ke2 Kd4 75. Qe3+ Kd5 76. Qf4 Kc5 77. Qe4 Kd6 78. Qf5 Kc6 79. Qe5 Kd7
80. Qf6 Kc7 81. Qe6 Kb7 82. Qd6 1-0